01079 a2200157 45000010006000000050017000060080041000230030015000640400040000790800059001192450036001782640035002143000019002495050626002681000027008944584820260407155730.0260407a1964 arg spa dAR-UNSa-BCEJYS aAR-UNSa-BCEJYSbspacAR-UNSa-BCEJYS a17xFilosofía moral. Ética. Filosofía práctica10aIntroducción a la Filosofía 1aBuenos Aires :bKapeluszc1964 a310 p.c21 cm. aIntroducción : La tarea del filósofo : 1. La actitud filosófica – 2. Conocimiento científico y conocimiento pre científico – 3. La vida anímica – 4. Las cosas materiales – 5. Los seres vivientes – 6. El conocimiento – 7. Los valores – 8. La persona – 9. El ser – 10. La filosofía como tarea intelectual – 11. La filosofía como conocimiento sistemático – 12. La filosofía como conocimiento fundamental de la realidad – 13. Relación entre la filosofía y la ciencia – 14. Filosofía, teología y religión – 15. Filosofía y arte – 16. División de la filosofía. 1 aMandrioni, Héctor D.